01663cam a2200481 i 4500952014400000999001700144001000900161003000400170005001700174007000300191008004100194010001700235020002400252020002100276025002700297035002400324035002100348037005300369040004300422042002100465043001200486050002300498082002300521245007900544250001000623264004500633300001700678336002600695337002800721338002700749500002600776504004100802650002000843650004200863650002400905650003500929650003000964651003800994651003401032700002601066906004501092942004401137 00102ddc40708ECONOMICSaMESbMEScECO d2019-02-20g1000.00l0o330.954 KAP/Ep38921r2019-02-20 00:00:00tVol 2w2019-02-20yBKzGL3R5 c11440d1144018205208OSt20191231152620.0ta140212s2014 ii b 000 0 eng d a 2014355608 a9789332701335 (set) a9332701334 (set) aI-E-2014-355608; 79-91 a(OCoLC)ocn874228950 a(OCoLC)874228950 aLibrary of Congress -- New Delhi Overseas Office aDKAGEbengerdacoclcdBDXdBTCTAdDLC alccopycatalcode aa-ii---00aHC435.3b.E45 201404a330.954223bKAP/E04aThe Emerging Big Picture :bMaking Sense of India's economy /c Uma Kapila aVol 2 1aNew Delhi :bAcademic Foundation,c2014. a368pc24 cm. atextbtxt2rdacontent aunmediatedbn2rdamedia avolumebnc2rdacarrier aContributed articles. aIncludes bibliographical references. 0aMacroeconomics. 0aAgriculturexEconomic aspectszIndia. 0aFood priceszIndia. 0aFinancial institutionszIndia. 0aBanks and bankingzIndia. 0aIndiaxEconomic conditionsy1991- 0aIndiaxEconomic policyy1991-1 aKapila, Uma,eeditor. a7bcbcccopycatd3encipf20gy-gencatlg 2ddccBKh330.954iKAP/Ek330.954mKAP/E